| 000 | 00555nam a2200229Ia 4500 | ||
|---|---|---|---|
| 003 | 0100 | ||
| 008 | 130303s9999 xx 000 0 und d | ||
| 040 | _cARRUPELIB | ||
| 050 | _aK246.H874 | ||
| 245 | _aLaw, reason, and justice | ||
| 245 | _bessays in Legal philosophy | ||
| 260 | _aNew York | ||
| 260 | _bNew York U.P. | ||
| 260 | _C1969 | ||
| 300 | _axiii | ||
| 300 | _b 269p. 22cm. | ||
| 650 | _bProgress | ||
| 650 | _cReligion | ||
| 650 | _dCivilization, Christian | ||
| 700 | _aedited by Graham Hughes , Hughes, Graham | ||
| 942 | 0 | 0 | _01 |
| 999 |
_c34758 _d34758 |
||